Spielerinnen der Fußball-EM der Frauen 2025 - Statistiken

Allgemein
  • Dieses Quiz wurde 113 mal gespielt
  • Das Durchschnittsergebnis liegt bei 6 aus 16
Antwortstatistiken
Bildquiz Hint Antwort % Korrekt
Deutschland Giulia Gwinn
100%
Dänemark Pernille Harder
81%
Spanien Alexia Putellas
77%
Polen Ewa Pajor
75%
England Alessia Russo
60%
Norwegen Ingrid Syrstad Engen
57%
Niederlande Lineth Beerensteyn
53%
Schweden Kosovare Asllani
41%
Frankreich Kadidiatou Diani
32%
Schweiz Ana-Maria Crnogorčević
9%
Wales Ceri Holland
5%
Finnland Linda Sällström
4%
Portugal Carole Costa
3%
Island Dagný Brynjarsdóttir
2%
Belgien Tine De Caigny
2%
Italien Valentina Giacinti
0%
Keine übereinstimmenden Quizze gefunden
Verteilung der Resultate
Anzahl Personen mit jedem Resultat
Perzentil nach korrekt beantworteten Fragen
Ihre Resultats-Entwicklung
Sie haben dieses Quiz noch nicht gespielt